000
00340nam a22001577a 4500
020
_a
0-07-463962-5
041
_a
ENG
100
_a
Whitten.J.L
245
_a
Systems Analysis and Design Methods
250
_a
4th
260
_a
Delhi
_b
Tata McGraw Hill Publ
_c
2000
300
_a
724
650
_a
GAE
700
_a
Bentley.L.D
856
_u
GAE
999
_c
569
_d
569